| 000 | 00728nam a2200229 a 4500 | ||
|---|---|---|---|
| 999 |
_c1221 _d1221 |
||
| 001 | 1221 | ||
| 003 | BD-JhCC | ||
| 005 | 20171016205927.0 | ||
| 008 | 171016s2008 bg |||| ||a| 000 0 ben d | ||
| 020 | _a9847015600587 | ||
| 035 | _a(BD-JhCC)1221 | ||
| 040 |
_aBD-JhCC _dBD-JhCC |
||
| 041 | _aben | ||
| 082 |
_a956.4 _bMAZ 2008 |
||
| 100 | _aমজিদ, মোহাম্মদ আবদুল | ||
| 245 |
_aঅন্তরে অন্তরীক্ষে / _cমোহাম্মদ আবদুল মজিদ, |
||
| 260 |
_aঢাকা : _bমাওলা ব্রাদার্স প্রকাশনী, _c2008 |
||
| 300 |
_a224 p.; _c24 cm. |
||
| 650 | _aTravelogy | ||
| 942 |
_2ddc _cBK |
||